000 00201nam a22000857a 4500
008 161213b xxu||||| |||| 00| 0 eng d
100 _92005
_aNCERT
245 _aScience-VII
260 _aNew Delhi
_bNCERT
_c2007
999 _c4867
_d4867